书目信息 |
| 题名: |
军费新论
|
|
| 作者: | 杨仕鹏 编著 | |
| 分册: | ||
| 出版信息: | 北京 军事科学出版社 2009.05 |
|
| 页数: | 263页 | |
| 开本: | 21cm | |
| 丛书名: | ||
| 单 册: | ||
| 中图分类: | E122 | |
| 科图分类: | ||
| 主题词: | 军费--jun fei--研究 | |
| 电子资源: | ||
| ISBN: | 978-7-80237-247-4 | |
| 000 | 00874nam0 2200241 450 | |
| 001 | 012009626500 | |
| 005 | 20090919175738.62 | |
| 010 | @a978-7-80237-247-4@dCNY16.00 | |
| 100 | @a20090919d2009 em y0chiy0120 ea | |
| 101 | 0 | @achi |
| 102 | @aCN@b110000 | |
| 105 | @ay z 000yy | |
| 106 | @ar | |
| 200 | 1 | @a军费新论@Ajun fei xin lun@e基于权利、制度视角的解释@f杨仕鹏编著@Fyang shi peng bian zhu |
| 210 | @a北京@c军事科学出版社@d2009.05 | |
| 215 | @a263页@d21cm | |
| 330 | @a全书分三章,第一章,从权力的角度看国家军费,以此视角解释军费的本质。以权力与军费的关系为主线,论述军费是国家权力变动、国家利益变化的暴力成本。 | |
| 517 | 1 | @a基于权利、制度视角的解释@Aji yu quan li、zhi du shi jiao de jie shi |
| 606 | 0 | @a军费@Ajun fei@x研究 |
| 690 | @aE122@v4 | |
| 701 | 0 | @a杨仕鹏@Ayang shi peng@4编著 |
| 801 | 0 | @aCN@bQSSK@c20090919 |
| 905 | @b757721-23@dE122@eY274@f3 | |
| 军费新论:基于权利、制度视角的解释/杨仕鹏编著.-北京:军事科学出版社,2009.05 |
| 263页;21cm |
| ISBN 978-7-80237-247-4:CNY16.00 |
| 全书分三章,第一章,从权力的角度看国家军费,以此视角解释军费的本质。以权力与军费的关系为主线,论述军费是国家权力变动、国家利益变化的暴力成本。 |
| ● |
| 相关链接 |
|
|
|
正题名:军费新论
索取号:E122/Y274
 
预约/预借
| 序号 | 登录号 | 条形码 | 馆藏地/架位号 | 状态 | 备注 |
| 1 | 757721 | 207577219 | 社科库509/509社科库 113排2列4层/ [索取号:E122/Y274] | 在馆 | |
| 2 | 757722 | 207577228 | 社科库509/509社科库 113排2列4层/ [索取号:E122/Y274] | 在馆 | |
| 3 | 757723 | 207577237 | 社科库509/509社科库 113排2列4层/ [索取号:E122/Y274] | 在馆 |